UBT Library

Textbook of pediatrics. (Record no. 42887)

000 -LEADER
fixed length control field 00682cam a22002531 4500
001 - CONTROL NUMBER
control field 9823352
005 - DATE AND TIME OF LATEST TRANSACTION
control field 20180220040923.0
008 - FIXED-LENGTH DATA ELEMENTS--GENERAL INFORMATION
fixed length control field 731108s1959 paua b 000 0 eng
010 ## - LIBRARY OF CONGRESS CONTROL NUMBER
LC control number 59005963
015 ## - NATIONAL BIBLIOGRAPHY NUMBER
National bibliography number GB59-9763
035 ## - SYSTEM CONTROL NUMBER
System control number (OCoLC)736582
040 ## - CATALOGING SOURCE
Original cataloging agency DLC
Transcribing agency OClW-H
Modifying agency OCoLC
-- Uk
-- DLC
041 ## - LANGUAGE CODE
Language code of text/sound track or separate title eng
042 ## - AUTHENTICATION CODE
Authentication code premarc
080 ## - UNIVERSAL DECIMAL CLASSIFICATION NUMBER
Universal Decimal Classification number 618.920
082 ## - DEWEY DECIMAL CLASSIFICATION NUMBER
Classification number 618.920 NEL
100 1# - Rafti
Rafti 10
101 ## - Shkurtesa
Shkurtesa GJIN
245 00 - TITLE STATEMENT
Title Textbook of pediatrics.
Statement of responsibility, etc With the collaboration of eighty-one contributors.
504 ## - BIBLIOGRAPHY, ETC. NOTE
Bibliography, etc Includes bibliography.
740 0# - ADDED ENTRY--UNCONTROLLED RELATED/ANALYTICAL TITLE
Uncontrolled related/analytical title Textbook of pediatrics. 7th ed.
906 ## - LOCAL DATA ELEMENT F, LDF (RLIN)
a 7
b cbc
c oclcrpl
d u
e ncip
f 19
g y-gencatlg
942 ## - ADDED ENTRY ELEMENTS (KOHA)
Source of classification or shelving scheme
Item type Books
Holdings
Withdrawn status Lost status Source of classification or shelving scheme Damaged status Not for loan Collection code Permanent location Current location Shelving location Date acquired Total Checkouts Full call number Barcode Date last seen Price effective from Koha item type
          Koleksioni i përgjithshem UBT - Lipjan UBT - Lipjan Koleksioni i lëndeve mesimore 02/20/2018   618.920 NEL 002-2998833 02/20/2018 02/20/2018 Books
UBT Library © 2015-2024. All rights reserved University Education for Business and Technology